BIBLIOTECA

SENCICO

Contratación y Ejecución de obras Públicas : en el sector privado, en el sector público : legislación comentada (Registro nro. 3401)

Detalles MARC
000 -LEADER
fixed length control field 00395nam a2200133Ia 4500
005 - DATE AND TIME OF LATEST TRANSACTION
control field 20251020182613.0
008 - FIXED-LENGTH DATA ELEMENTS--GENERAL INFORMATION
fixed length control field 200515s9999 xx 000 0 und d
082 ## - DEWEY DECIMAL CLASSIFICATION NUMBER
Classification number SC/69.032/M50
100 ## - MAIN ENTRY--PERSONAL NAME
Personal name MENA COELLO, Manuel
245 #0 - TITLE STATEMENT
Title Contratación y Ejecución de obras Públicas : en el sector privado, en el sector público : legislación comentada
260 ## - PUBLICATION, DISTRIBUTION, ETC.
Date of publication, distribution, etc. s.a.
300 ## - PHYSICAL DESCRIPTION
Extent 527
942 ## - ADDED ENTRY ELEMENTS (KOHA)
Koha item type Libros
Existencias
Fecha de la última vez que lo usaron Pago total Signatura topográfica completa Código de barras Precio efectivo desde Tipo de documento Estado perdido Estado dañado No es para préstamo Retirado Ubicación permanente Ubicación actual Fecha de adquisición
15/05/2020   SC/69.032/M50 Bib-Lima15053401 15/05/2020 Libros         Biblioteca Central Lima Biblioteca Central Lima 15/05/2020